City Quiz- Boston - Statistics

General Stats
  • This quiz has been taken 20 times
  • The average score is 13 of 15
Answer Stats
Question Answer % Correct
Boston is also called what? Beantown
100%
What is the name of this park square, the oldest city park in the US? Boston Common
100%
What major Ivy league school is located in Cambridge? Harvard
100%
What is the name of Bostons major airport? Logan
100%
Why did the Boston Tea Party take place? Protest unfair tax
100%
What famous race takes place every Patriots Day in Boston? Boston Marathon
95%
This skirmish took place in Boston in March 1770, where 5 colonists were killed by British soldiers Boston Massacre
95%
This patriot was born in Boston, now known for a famous beer company in his name Sam Adams
95%
This famous rock band hails from Boston Aerosmith
90%
Which president was from the Boston area? John F Kennedy
90%
This famous patriot made his midnight ride out of Boston to warn the countryside of the British invasion Paul Revere
90%
What is the name of the home arena of the Celtics and Bruins? TD Garden
90%
This famous open market features a long line of different cultural restaurants Quincy Market
70%
What year did Fenway open? 1912
55%
Chestnut Hill is home to this major university Boston College
55%
No matching quizzes found
Score Distribution
Percent of People with Each Score
Percentile by Number Answered
Your Score History
You have not taken this quiz